• 首页
  • 本馆介绍
  • 公告通知
  • 最新文献
  • 馆藏检索
  • 电子资源
  • 读者导购
  • 参考咨询
  • 我的图书馆
  • 登录
  • 详细信息显示
  • 放入我的书架
  • 预约/预借图书
  • 作者相关作品
  • 分类相关作品
  • 丛书相关作品
  • 出版社相关作品

书目信息

  • 表格格式
  • 工作单格式
  • 卡片格式
题名:
硬盘管理
    
 
作者: ;岳坤 改写 ;GOTOP 编著
分册:  
出版信息: 北京   电子工业出版社  1995
页数: 176页
开本: 19cm
丛书名: 30分钟系列
单 册:
中图分类: TP333.3
科图分类:
主题词: 硬磁盘--管理
电子资源:
ISBN: 7-5053-2842-5
000 00707nam2 2200265 450
001 0100507571
005 20101119103151.0
010    @a7-5053-2842-5@dCNY10.00
011    @a7-5053-2842-5
100    @a20021005d1995 em y0chiy0110 ea
101 0  @achi
102    @aCN@b110000
105    @ay z 000yy
106    @ar
200 1  @a硬盘管理@9Ying Pan Guan Li @fGOTOP编著@g岳 坤改写@b专著
210    @a北京@c电子工业出版社@d1995
215    @a176页@d19cm
225 2  @a30分钟系列
410  0 @12001 @a30分钟系列
606 0  @a硬磁盘@x管理
690    @aTP333.3@v3
702  0 @a岳坤@9yue kun@4改写
711 02 @aGOTOP@4编著
801  0 @aCN@bAiZhiMarc@c19950530
905    @aBZT@dTP333.3@e3@f11@sTP333.3/3
    
    硬盘管理/GOTOP编著/岳 坤改写.-北京:电子工业出版社,1995
    176页;19cm.-(30分钟系列)
    
    
    ISBN 7-5053-2842-5:CNY10.00
    
●
相关链接 在五车中查询图书 在当当中查询图书 在豆瓣中查询图书


正题名:硬盘管理     索取号:TP333.3/3         预约/预借

序号 登录号 条形码 馆藏地/架位号 状态 备注
1 2000042465   2000042465   旧书回溯/ [索取号:TP333.3/3] 在馆    
2 2000042466   2000042466   旧书回溯/ [索取号:TP333.3/3] 在馆    
3 2000042467   2000042467   旧书回溯/ [索取号:TP333.3/3] 在馆    
4 2000042468   2000042468   旧书回溯/ [索取号:TP333.3/3] 在馆    
5 2000042469   2000042469   旧书回溯/ [索取号:TP333.3/3] 在馆    
6 2000140497   2000140497   旧书回溯/ [索取号:TP333.3/3] 在馆    
7 2000140498   2000140498   旧书回溯/ [索取号:TP333.3/3] 在馆    
8 2000140499   2000140499   旧书回溯/ [索取号:TP333.3/3] 在馆    
9 2000140500   2000140500   旧书回溯/ [索取号:TP333.3/3] 在馆    
10 2000140501   2000140501   旧书回溯/ [索取号:TP333.3/3] 在馆    
11 2000140502   2000140502   旧书回溯/ [索取号:TP333.3/3] 在馆    
山东省滨州职业学院图书馆 欢迎您!
大连网信软件有限公司© 版权所有